00761nam a2200193 i 450000100060000000300090000600500170001500700030003200800410003510000360007624500720011226000730018430000500025749000410030783000490034885200320039799900170042995201210044631143ES-MaACL20230906154324.0t|030128s1958 sp ||||1| spa d1 aBenabarre Mina, Esteban.92741410areparación y ajuste de receptores / cpor Esteban Benabarre Mina. aBarcelona, etc. : bLabor, c1958 (fTall. Gráfs. Iberoamericanos) aX, 360 p. : bil., 1 gráf. pleg. ; c22 cm.1 aLa escuela del radiotécnico ; v100 aLa escuela del radiotécnico ; v109187079 aES-MaACLjC-14093 bR.41824 c31143d31143 00104070aATENEOMbATENEOMcSPALd2008-01-17eSCl0oC-14093p1032173r2023-02-23 00:00:00w2023-02-23yMONOGRAFIA